Estadísticas para Apellidos Hispanos en EE. UU.

Haz click aquí para intentar la prueba.

Estadísticas generales

  • Esta prueba ha sido intentada 3.166 veces
    (2.660 desde el último reinicio)
  • La puntuación promedio es 11 de 24

Estadísticas de respuestas

# de genteLetraApellido% Correcto
746,000RRodríguez
83%
779,000GGarcía
81%
663,000HHernández
78%
569,000LLópez
75%
711,000MMartínez
75%
171,000GGonzales
74%
562,000GGonzález
74%
448,000PPérez
73%
240,000GGómez
59%
364,000RRamírez
53%
405,000SSánchez
53%
197,000GGutiérrez
41%
230,000DDíaz
32%
161,000RRuiz
32%
153,000AÁlvarez
31%
296,000TTorres
31%
284,000FFlores
24%
165,000RRamos
21%
198,000OOrtiz
18%
199,000MMorales
17%
200,000CCruz
15%
164,000CChávez
13%
202,000RReyes
12%
270,000RRivera
12%

Distribución de puntuación

Porcentaje por número respondido

Porcentaje de gente con cada puntuación

Historial de tus puntuaciones

No has intentado esta prueba desde el último reinicio